[Event "2. Bundesliga Mitte 2012/2013"]
[Site "Fuerstenfeld"]
[Date "2013.04.19"]
[Round "9"]
[Board "4"]
[White "Schriebl, Alexander"]
[Black "Schwabeneder, Florian"]
[Result "0-1"]
[WhiteElo "2086"]
[BlackElo "2291"]
[PlyCount "68"]
[EventDate "2012.10.19"]
[EventType "team"]
[EventRounds "11"]
[EventCountry "AUT"]
[WhiteTeam "Union Styria Graz"]
[BlackTeam "Spg. Grieskirchen/B.Schallerbach"]

1. d4 Nf6 2. c4 c5 3. d5 e5 4. Nc3 d6 5. e4 Be7 6. Bd3 Nbd7 7. Nge2 g6 8. Bd2
h5 9. Qc2 a6 10. h3 h4 11. O-O-O Nh5 12. g4 hxg3 13. fxg3 Bg5 14. Kb1 Kf8 15.
Rdf1 Kg7 16. g4 Nf4 17. Nxf4 Bxf4 18. Bxf4 exf4 19. Rxf4 Ne5 20. Rff1 Bd7 21.
Qf2 Qe7 22. Be2 b5 23. cxb5 axb5 24. Bxb5 Bxb5 25. Nxb5 Rhb8 26. Qe2 c4 27. Nc3
Nd3 28. b3 Qe5 29. Qf3 Rb7 30. Kc2 Nb4+ 31. Kd2 Qd4+ 32. Ke2 Nxa2 33. Nd1 Nc1+
34. Ke1 Nd3+ 0-1

[Event "2. Bundesliga Mitte 2012/2013"]
[Site "Fuerstenfeld"]
[Date "2013.04.19"]
[Round "9"]
[Board "6"]
[White "Kozomara, David"]
[Black "Hawelka, Franz"]
[Result "1-0"]
[WhiteElo "1922"]
[BlackElo "2089"]
[PlyCount "117"]
[EventDate "2012.10.19"]
[EventType "team"]
[EventRounds "11"]
[EventCountry "AUT"]
[WhiteTeam "Union Styria Graz"]
[BlackTeam "Spg. Grieskirchen/B.Schallerbach"]

1. e4 e5 2. d4 exd4 3. c3 dxc3 4. Bc4 c6 5. Nf3 d6 6. O-O b5 7. Bb3 Bg4 8. Re1
Nd7 9. h3 Bxf3 10. Qxf3 Qf6 11. Qe2 cxb2 12. Bxb2 Ne5 13. a4 Rb8 14. axb5 Rxb5
15. Nd2 Rb7 16. Bxe5 dxe5 17. Qa6 Rc7 18. Qa5 Rd7 19. Nc4 Bd6 20. Nxd6+ Qxd6
21. Red1 Qc7 22. Rxd7 Qxa5 23. Rxa5 Kxd7 24. Rxa7+ Kd6 25. Ra8 Ke7 26. g3 g5
27. f3 h6 28. Kf2 h5 29. Ke3 Kf6 30. Rf8 Kg7 31. Rxf7+ Kg6 32. Rf8 Kg7 33. Rf5
Kg6 34. Rxe5 Nf6 35. Rc5 g4 36. hxg4 hxg4 37. Rxc6 Re8 38. Be6 gxf3 39. Kxf3
Kg5 40. Rc5+ Kh6 41. Bf5 Ra8 42. g4 Ra1 43. Kf4 Rf1+ 44. Ke5 Kg5 45. Rc6 Nxg4+
46. Bxg4 Kxg4 47. Rg6+ Kh5 48. Rg2 Rf8 49. Kd6 Ra8 50. e5 Ra6+ 51. Ke7 Kh6 52.
e6 Ra1 53. Ke8 Rf1 54. e7 Rf3 55. Rg4 Rf1 56. Kd7 Rd1+ 57. Ke6 Re1+ 58. Kd6 Kh7
59. Rg5 1-0

[Event "2. Bundesliga Mitte 2012/2013"]
[Site "Fuerstenfeld"]
[Date "2013.04.19"]
[Round "9"]
[Board "1"]
[White "Renner, Christoph"]
[Black "Mohr, Georg"]
[Result "0-1"]
[WhiteElo "2458"]
[BlackElo "2483"]
[PlyCount "76"]
[EventDate "2012.10.19"]
[EventType "team"]
[EventRounds "11"]
[EventCountry "AUT"]
[WhiteTeam "Spg. Sauwald"]
[BlackTeam "StrassenbahnGraz"]

1. d4 c5 2. d5 d6 3. e4 g6 4. Nc3 Bg7 5. Nf3 Nf6 6. Be2 O-O 7. O-O Na6 8. Bf4
Nc7 9. a4 Bg4 10. h3 Bxf3 11. Bxf3 Nd7 12. Qd2 a6 13. Bh6 b5 14. Bxg7 Kxg7 15.
Rfe1 Qb8 16. a5 Qa7 17. Nd1 Rad8 18. Ne3 Nf6 19. c3 Rfe8 20. Rad1 h6 21. h4 e6
22. dxe6 Nxe6 23. b4 c4 24. Nc2 Nd7 25. Qxd6 Ndc5 26. Qe5+ f6 27. Qg3 Nd3 28.
Rf1 Nef4 29. h5 Rxe4 30. hxg6 Rd5 31. Nd4 Rdxd4 32. cxd4 Qxd4 33. Qh2 c3 34.
Rxd3 Qxd3 35. Qh4 c2 36. Rc1 Rc4 37. Kh2 Qd2 38. Qg4 Rc7 0-1

[Event "2. Bundesliga Mitte 2012/2013"]
[Site "Fuerstenfeld"]
[Date "2013.04.19"]
[Round "9"]
[Board "2"]
[White "Grunberg, Mihai-Lucian"]
[Black "Taggatz, Mario"]
[Result "0-1"]
[WhiteElo "2426"]
[BlackElo "2303"]
[PlyCount "64"]
[EventDate "2012.10.19"]
[EventType "team"]
[EventRounds "11"]
[EventCountry "AUT"]
[WhiteTeam "StrassenbahnGraz"]
[BlackTeam "Spg. Sauwald"]

1. Nf3 e6 2. c4 f5 3. g3 Nf6 4. Bg2 Be7 5. d4 d6 6. O-O O-O 7. Nc3 Ne4 8. Qc2
Nxc3 9. bxc3 Nc6 10. Rd1 Qe8 11. d5 Na5 12. Nd4 e5 13. Nb5 Bd8 14. Qa4 b6 15.
Qb4 Bd7 16. Re1 a6 17. Na3 Qg6 18. f4 Bf6 19. Nc2 Nb7 20. Qb2 Nc5 21. Bd2 Ne4
22. Nb4 h5 23. Nd3 h4 24. fxe5 dxe5 25. gxh4 f4 26. h5 Qg4 27. Kh1 Ng3+ 28.
hxg3 Qxh5+ 29. Kg1 fxg3 30. e3 Bg5 31. Nf4 Qh2+ 32. Kf1 exf4 0-1

[Event "2. Bundesliga Mitte 2012/2013"]
[Site "Fuerstenfeld"]
[Date "2013.04.19"]
[Round "9"]
[Board "4"]
[White "Krebs, Johann"]
[Black "Testor, Sebastian"]
[Result "1-0"]
[WhiteElo "2243"]
[BlackElo "2308"]
[PlyCount "47"]
[EventDate "2012.10.19"]
[EventType "team"]
[EventRounds "11"]
[EventCountry "AUT"]
[WhiteTeam "StrassenbahnGraz"]
[BlackTeam "Spg. Sauwald"]

1. d4 e6 2. c4 Nf6 3. Nc3 Bb4 4. Qc2 c5 5. dxc5 Qc7 6. a3 Bxc5 7. b4 Be7 8. Nb5
Qc6 9. Nf3 d6 10. Nfd4 Qb6 11. Bf4 Na6 12. Nf3 Qd8 13. e4 O-O 14. Rd1 d5 15.
Bd3 Nh5 16. Be3 Nc7 17. Nxc7 Qxc7 18. exd5 Nf4 19. Bxh7+ Kh8 20. O-O g6 21. Qd2
Kxh7 22. Bxf4 Qxc4 23. d6 Bf6 24. Bg5 1-0

[Event "2. Bundesliga Mitte 2012/2013"]
[Site "Fuerstenfeld"]
[Date "2013.04.19"]
[Round "9"]
[Board "5"]
[White "Lautner, Josef"]
[Black "Pesorda, Ivan"]
[Result "1-0"]
[WhiteElo "2193"]
[BlackElo "2274"]
[PlyCount "89"]
[EventDate "2012.10.19"]
[EventType "team"]
[EventRounds "11"]
[EventCountry "AUT"]
[WhiteTeam "Spg. Sauwald"]
[BlackTeam "StrassenbahnGraz"]

1. d4 Nf6 2. c4 c6 3. Nf3 d5 4. cxd5 cxd5 5. Nc3 Nc6 6. Bf4 a6 7. e3 Bg4 8. h3
Bxf3 9. Qxf3 Qb6 10. Rb1 e6 11. a3 Rc8 12. Bd3 Na5 13. O-O Nc4 14. Qe2 Be7 15.
Rfc1 O-O 16. Bg5 Qa5 17. Bxf6 Bxf6 18. Ne4 dxe4 19. Bxc4 Rc6 20. Bb3 Rfc8 21.
Qd1 Qc7 22. Rxc6 Qxc6 23. d5 Qb6 24. dxe6 fxe6 25. Qd7 Rd8 26. Qxe6+ Qxe6 27.
Bxe6+ Kf8 28. Bf5 Rd2 29. Bxe4 b6 30. Bxh7 Bxb2 31. a4 b5 32. axb5 axb5 33. Bd3
b4 34. Bc4 Ke7 35. Bb3 Kf6 36. Rd1 Bc3 37. Rxd2 Bxd2 38. Kf1 Ke5 39. Ke2 Bc3
40. Kd3 g5 41. g3 Kf6 42. Ke4 Be1 43. Kf3 Ke5 44. Ke2 Bc3 45. f4+ 1-0

[Event "2. Bundesliga Mitte 2012/2013"]
[Site "Fuerstenfeld"]
[Date "2013.04.20"]
[Round "10"]
[Board "1"]
[White "Kozul, Zdenko"]
[Black "Renner, Christoph"]
[Result "1-0"]
[WhiteElo "2621"]
[BlackElo "2458"]
[PlyCount "76"]
[EventDate "2012.10.19"]
[EventType "team"]
[EventRounds "11"]
[EventCountry "AUT"]
[WhiteTeam "Schachverein Wolfsberg"]
[BlackTeam "Spg. Sauwald"]

1. d4 f5 2. g3 Nf6 3. Bg2 g6 4. c4 Bg7 5. Nc3 O-O 6. Nh3 d6 7. d5 Na6 8. O-O
Bd7 9. Be3 c5 10. Qc1 Ng4 11. Bd2 Nc7 12. a4 Rb8 13. b3 a6 14. a5 b5 15. axb6
Rxb6 16. Ra3 Qb8 17. Qc2 a5 18. Nf4 Nf6 19. Rb1 Ra6 20. h4 Ra7 21. Rba1 Qb6 22.
Na4 Qb8 23. Nb2 Ne4 24. Bxa5 Ne8 25. Be1 Rxa3 26. Rxa3 Nc7 27. Nd1 Qb6 28. Bxe4
fxe4 29. Ne3 Na6 30. Qxe4 Be5 31. Ne6 Bxe6 32. dxe6 Nb4 33. Ra8 Qc6 34. Rxf8+
Kxf8 35. Qg4 Bf6 36. Bxb4 cxb4 37. Nd5 Kg7 38. Qf3 Qc5 1-0

[Event "2. Bundesliga Mitte 2012/2013"]
[Site "Fuerstenfeld"]
[Date "2013.04.20"]
[Round "10"]
[Board "2"]
[White "Taggatz, Mario"]
[Black "Stevic, Hrvoje"]
[Result "0-1"]
[WhiteElo "2303"]
[BlackElo "2616"]
[PlyCount "130"]
[EventDate "2012.10.19"]
[EventType "team"]
[EventRounds "11"]
[EventCountry "AUT"]
[WhiteTeam "Spg. Sauwald"]
[BlackTeam "Schachverein Wolfsberg"]

1. c4 e5 2. Nc3 d6 3. Nf3 f5 4. d4 e4 5. Ng5 Be7 6. Nh3 Nf6 7. Bg5 c6 8. e3 O-O
9. Nf4 Na6 10. Be2 Nc7 11. Qb3 Rb8 12. f3 exf3 13. Bxf3 Ng4 14. Bxe7 Qxe7 15.
Nd1 Ne6 16. O-O Bd7 17. h3 Nf6 18. Nc3 Ng5 19. Rae1 Nxf3+ 20. Rxf3 Kh8 21. Rff1
Rfe8 22. Qc2 a6 23. b4 b6 24. Nd3 c5 25. bxc5 bxc5 26. dxc5 dxc5 27. Nf4 Qe5
28. Nd3 Qe7 29. Nf4 Qe5 30. Nd3 Qd6 31. Nf4 Re5 32. Rd1 Qc6 33. Nfd5 Nxd5 34.
Rxd5 Rxd5 35. Nxd5 Re8 36. Rb1 Qc8 37. Rf1 Qc6 38. Rb1 Qc8 39. Rf1 Be6 40. Nf4
Bf7 41. Qd3 h6 42. Nd5 Re5 43. Rf4 Qd7 44. e4 fxe4 45. Qc3 Rg5 46. h4 Rf5 47.
Rxe4 Bxd5 48. cxd5 Rxd5 49. Qe3 Rd1+ 50. Kh2 Qd6+ 51. Qf4 Kh7 52. h5 Qxf4+ 53.
Rxf4 Rd6 54. Kg3 Rc6 55. Rc4 g6 56. Kf4 gxh5 57. Ke4 Rg6 58. Rxc5 Rxg2 59. Ra5
h4 60. Rxa6 h3 61. Ra3 Rg4+ 62. Kf5 Rh4 63. Kf6 h5 64. Ra7+ Kh6 65. Ra8 Rf4+
0-1

[Event "2. Bundesliga Mitte 2012/2013"]
[Site "Fuerstenfeld"]
[Date "2013.04.20"]
[Round "10"]
[Board "3"]
[White "Jovanovic, Zoran"]
[Black "Schmidt, Peter"]
[Result "1/2-1/2"]
[WhiteElo "2516"]
[BlackElo "2386"]
[PlyCount "63"]
[EventDate "2012.10.19"]
[EventType "team"]
[EventRounds "11"]
[EventCountry "AUT"]
[WhiteTeam "Schachverein Wolfsberg"]
[BlackTeam "Spg. Sauwald"]

1. e4 d6 2. Nc3 Nf6 3. d4 g6 4. Be3 Bg7 5. Nf3 c6 6. h3 O-O 7. Qd2 Nbd7 8. Rd1
Qc7 9. a4 b6 10. Bd3 Bb7 11. O-O Rad8 12. Qe2 Rfe8 13. Rfe1 e5 14. dxe5 Nxe5
15. Nxe5 dxe5 16. Ba6 Nh5 17. g3 Bf8 18. Nb1 Ng7 19. Nd2 Ne6 20. Nf3 Rxd1 21.
Rxd1 Nc5 22. Bxc5 Bxc5 23. Bxb7 Qxb7 24. Qd3 b5 25. axb5 cxb5 26. Qd7 Qxd7 27.
Rxd7 f6 28. Ne1 Rc8 29. Kf1 Bd4 30. c3 Bb6 31. Nd3 Rd8 32. Rxd8+ 1/2-1/2

[Event "2. Bundesliga Mitte 2012/2013"]
[Site "Fuerstenfeld"]
[Date "2013.04.20"]
[Round "10"]
[Board "4"]
[White "Testor, Sebastian"]
[Black "Steflitsch, Erich"]
[Result "0-1"]
[WhiteElo "2308"]
[BlackElo "2382"]
[PlyCount "86"]
[EventDate "2012.10.19"]
[EventType "team"]
[EventRounds "11"]
[EventCountry "AUT"]
[WhiteTeam "Spg. Sauwald"]
[BlackTeam "Schachverein Wolfsberg"]

1. d4 Nf6 2. c4 e6 3. Nc3 Bb4 4. e3 b6 5. Bd3 Bb7 6. Nf3 Ne4 7. Qc2 f5 8. O-O
Bxc3 9. bxc3 O-O 10. Ne1 c5 11. f3 Nd6 12. Qe2 Qc7 13. Nc2 Nc6 14. Na3 a6 15.
Rd1 e5 16. d5 Ne7 17. e4 f4 18. Rb1 Rab8 19. g4 g5 20. Qe1 Ng6 21. Rd2 Ne8 22.
h3 Bc8 23. Rh2 Nh4 24. Qf1 Nf6 25. Nc2 h5 26. Ne1 d6 27. Be2 Rf7 28. Ng2 Ng6
29. Ne1 Rh7 30. Rb2 Bd7 31. Bd1 Kg7 32. Rbg2 Rbh8 33. Qd3 b5 34. Qb1 Qa5 35.
cxb5 hxg4 36. hxg4 Rxh2 37. Rxh2 Qxc3 38. Nd3 Bxb5 39. Be2 Rxh2 40. Kxh2 Nh4
41. Qb2 Qxb2 42. Bxb2 Nxf3+ 43. Kg2 Bxd3 0-1

[Event "2. Bundesliga Mitte 2012/2013"]
[Site "Fuerstenfeld"]
[Date "2013.04.20"]
[Round "10"]
[Board "5"]
[White "Reichmann, Egon"]
[Black "Bittner, Rudolf Jun."]
[Result "1-0"]
[WhiteElo "2269"]
[BlackElo "2060"]
[PlyCount "63"]
[EventDate "2012.10.19"]
[EventType "team"]
[EventRounds "11"]
[EventCountry "AUT"]
[WhiteTeam "Schachverein Wolfsberg"]
[BlackTeam "Spg. Sauwald"]

1. d4 d5 2. Nf3 a6 3. Bf4 Nf6 4. e3 e6 5. Nbd2 Be7 6. Bd3 Nbd7 7. h3 c5 8. c3
Qb6 9. Qb1 Bd6 10. Ne5 Qc7 11. Ndf3 h6 12. g4 c4 13. Bg6 Bxe5 14. Nxe5 Nxe5 15.
Bxe5 Qe7 16. Bc2 Bd7 17. Ke2 Bc6 18. f3 Kd7 19. b4 cxb3 20. axb3 Ne8 21. c4 f6
22. Bg3 Nd6 23. Bd3 e5 24. cxd5 Bxd5 25. dxe5 fxe5 26. Rd1 Qf7 27. Be4 Bxb3 28.
Rd3 Bc4 29. Qxb7+ Ke6 30. Bd5+ Kf6 31. Qxf7+ Nxf7 32. Bxc4 1-0

[Event "2. Bundesliga Mitte 2012/2013"]
[Site "Fuerstenfeld"]
[Date "2013.04.20"]
[Round "10"]
[Board "2"]
[White "Kilgus, Georg"]
[Black "Handler, Lukas"]
[Result "1-0"]
[WhiteElo "2400"]
[BlackElo "2369"]
[PlyCount "57"]
[EventDate "2012.10.19"]
[EventType "team"]
[EventRounds "11"]
[EventCountry "AUT"]
[WhiteTeam "Spg. Grieskirchen/B.Schallerbach"]
[BlackTeam "Schachclub MPOE Maria Saal"]

1. Nf3 Nf6 2. c4 e6 3. g3 d5 4. Bg2 dxc4 5. Qa4+ Nbd7 6. O-O c5 7. Qxc4 Rb8 8.
Nc3 a6 9. d3 Bd6 10. Bg5 Qc7 11. Nd2 h6 12. Bxf6 Nxf6 13. Nce4 Nxe4 14. Nxe4 b5
15. Nxd6+ Qxd6 16. Qc3 O-O 17. Rac1 c4 18. dxc4 bxc4 19. Rfd1 Qb6 20. Rc2 a5
21. Qxc4 Ba6 22. Qf4 Rbd8 23. Rxd8 Qxd8 24. Rd2 Qc8 25. Bf3 Qc1+ 26. Kg2 e5 27.
Qe3 e4 28. Bxe4 Re8 29. Rd8 1-0

[Event "2. Bundesliga Mitte 2012/2013"]
[Site "Fuerstenfeld"]
[Date "2013.04.20"]
[Round "10"]
[Board "4"]
[White "Schwabeneder, Florian"]
[Black "Hartl, Daniel"]
[Result "1/2-1/2"]
[WhiteElo "2291"]
[BlackElo "2275"]
[PlyCount "60"]
[EventDate "2012.10.19"]
[EventType "team"]
[EventRounds "11"]
[EventCountry "AUT"]
[WhiteTeam "Spg. Grieskirchen/B.Schallerbach"]
[BlackTeam "Schachclub MPOE Maria Saal"]

1. e4 e5 2. Nf3 Nc6 3. Bb5 a6 4. Ba4 Nf6 5. O-O b5 6. Bb3 Bc5 7. d3 d6 8. a4
Rb8 9. axb5 axb5 10. Nc3 h6 11. Be3 Bb6 12. Bxb6 Rxb6 13. Ra8 O-O 14. d4 b4 15.
Nd5 Ra6 16. Rxa6 Bxa6 17. Re1 Bb7 18. Nxf6+ Qxf6 19. d5 Ne7 20. Qd2 Ng6 21.
Qxb4 Bc8 22. Re3 Qf4 23. c4 f5 24. Bc2 Qg4 25. h3 Qh5 26. exf5 Bxf5 27. Bxf5
Qxf5 28. c5 dxc5 29. Qg4 Qxg4 30. hxg4 Rb8 1/2-1/2

[Event "2. Bundesliga Mitte 2012/2013"]
[Site "Fuerstenfeld"]
[Date "2013.04.20"]
[Round "10"]
[Board "5"]
[White "Halvax, Georg"]
[Black "Humer, Wolfgang"]
[Result "1-0"]
[WhiteElo "2282"]
[BlackElo "2268"]
[PlyCount "53"]
[EventDate "2012.10.19"]
[EventType "team"]
[EventRounds "11"]
[EventCountry "AUT"]
[WhiteTeam "Schachclub MPOE Maria Saal"]
[BlackTeam "Spg. Grieskirchen/B.Schallerbach"]

1. e4 g6 2. d4 Nf6 3. e5 Nh5 4. Bc4 d5 5. Bd3 Ng7 6. Bh6 Bf5 7. Nc3 Bxd3 8.
Qxd3 Qd7 9. Nge2 Ne6 10. Bxf8 Rxf8 11. f4 f5 12. exf6 Rxf6 13. g3 Nc6 14. O-O-O
O-O-O 15. Rhe1 Ng7 16. Ng1 Qf5 17. Qd2 Qg4 18. Re3 Re6 19. Nf3 Rxe3 20. Qxe3
Qe6 21. Ne5 Nf5 22. Qf2 Nxe5 23. fxe5 Nh6 24. Qf4 Qh3 25. e6 c6 26. Rd3 Qxh2
27. Nb5 1-0

[Event "2. Bundesliga Mitte 2012/2013"]
[Site "Fuerstenfeld"]
[Date "2013.04.20"]
[Round "10"]
[Board "6"]
[White "Hawelka, Franz"]
[Black "Ramusch, Arnulf"]
[Result "1-0"]
[WhiteElo "2089"]
[BlackElo "2005"]
[PlyCount "59"]
[EventDate "2012.10.19"]
[EventType "team"]
[EventRounds "11"]
[EventCountry "AUT"]
[WhiteTeam "Spg. Grieskirchen/B.Schallerbach"]
[BlackTeam "Schachclub MPOE Maria Saal"]

1. d4 e6 2. c4 d5 3. Nc3 Be7 4. Nf3 Nf6 5. a3 O-O 6. e3 Nbd7 7. Qc2 c6 8. h3
dxc4 9. Bxc4 b5 10. Bd3 a6 11. O-O c5 12. dxc5 Nxc5 13. Be2 Bb7 14. b4 Nce4 15.
Bb2 Rc8 16. Qb3 Nd6 17. Rfd1 Qb6 18. a4 Nd5 19. Ne5 Rfd8 20. a5 Qa7 21. Bh5 g6
22. Bg4 Bf6 23. Nxd5 Bxd5 24. Rxd5 exd5 25. Bxc8 Rxc8 26. Qxd5 Ne8 27. Bd4 Qc7
28. Ng4 Be7 29. Nh6+ Kf8 30. Qxf7# 1-0

[Event "2. Bundesliga Mitte 2012/2013"]
[Site "Fuerstenfeld"]
[Date "2013.04.20"]
[Round "10"]
[Board "1"]
[White "Pilaj, Herwig"]
[Black "Horvath, Tamas"]
[Result "1/2-1/2"]
[WhiteElo "2345"]
[BlackElo "2390"]
[PlyCount "37"]
[EventDate "2012.10.19"]
[EventType "team"]
[EventRounds "11"]
[EventCountry "AUT"]
[WhiteTeam "SC Die Klagenfurter"]
[BlackTeam "RbEJ Gleisdorf"]

1. c4 c5 2. Nc3 g6 3. g3 Bg7 4. Bg2 Nc6 5. Nf3 e6 6. d4 cxd4 7. Nb5 d5 8. cxd5
exd5 9. O-O Nge7 10. Nbxd4 O-O 11. Be3 Re8 12. Re1 Bg4 13. Qd2 Qd7 14. Rad1
Rad8 15. Bh6 Bh8 16. Bg5 Bg7 17. Bh6 Bh8 18. Bg5 Bg7 19. Bh6 1/2-1/2

[Event "2. Bundesliga Mitte 2012/2013"]
[Site "Fuerstenfeld"]
[Date "2013.04.20"]
[Round "10"]
[Board "2"]
[White "Degtiarev, Evgeny"]
[Black "Wertjanz, David"]
[Result "1-0"]
[WhiteElo "2378"]
[BlackElo "2259"]
[PlyCount "95"]
[EventDate "2012.10.19"]
[EventType "team"]
[EventRounds "11"]
[EventCountry "AUT"]
[WhiteTeam "RbEJ Gleisdorf"]
[BlackTeam "SC Die Klagenfurter"]

1. d4 Nf6 2. c4 e6 3. Nf3 b6 4. Nc3 Bb7 5. a3 d5 6. cxd5 Nxd5 7. Bd2 Nd7 8. Qc2
Be7 9. e4 Nxc3 10. Bxc3 O-O 11. Rd1 Qc8 12. Bd3 Ba6 13. e5 Bxd3 14. Qxd3 Rd8
15. O-O c5 16. Qe2 cxd4 17. Bxd4 Nf8 18. h4 Qb7 19. h5 Rd5 20. h6 g6 21. Bc3
Rad8 22. Bb4 Bxb4 23. axb4 Qe7 24. Rxd5 exd5 25. Nd4 Re8 26. Nc6 Qd7 27. b5 a6
28. f4 axb5 29. Qxb5 Re6 30. Nd4 Qxb5 31. Nxb5 g5 32. Nc7 Rxh6 33. f5 d4 34.
Rd1 Rh4 35. Nd5 Kg7 36. Nf6 h5 37. g3 Rh3 38. Kg2 g4 39. Rxd4 Kh6 40. Rd8 Kg7
41. Ne4 h4 42. f6+ Kg8 43. gxh4 Re3 44. e6 fxe6 45. Ng5 b5 46. h5 Re2+ 47. Kg3
Rxb2 48. h6 1-0

[Event "2. Bundesliga Mitte 2012/2013"]
[Site "Fuerstenfeld"]
[Date "2013.04.20"]
[Round "10"]
[Board "3"]
[White "Genser, Harald"]
[Black "Wegerer, Fred"]
[Result "1-0"]
[WhiteElo "2290"]
[BlackElo "2194"]
[PlyCount "78"]
[EventDate "2012.10.19"]
[EventType "team"]
[EventRounds "11"]
[EventCountry "AUT"]
[WhiteTeam "SC Die Klagenfurter"]
[BlackTeam "RbEJ Gleisdorf"]

1. d4 Nf6 2. c4 e6 3. Nf3 Nc6 4. a3 d6 5. Nc3 g6 6. e4 Bg7 7. Be2 O-O 8. h3 Re8
9. O-O e5 10. dxe5 dxe5 11. Be3 Be6 12. b4 Nh5 13. Ng5 Nf4 14. Nxe6 Nxe6 15. c5
Ncd4 16. Bc4 c6 17. Ne2 Qh4 18. Ng3 Rad8 19. Bxd4 Rxd4 20. Qb3 Re7 21. Bxe6
Rxe6 22. Rad1 Re8 23. Rd3 Rxd3 24. Qxd3 Rd8 25. Qf3 Rd4 26. Rd1 Qd8 27. Rxd4
exd4 28. Qd3 b6 29. cxb6 axb6 30. Nf1 c5 31. bxc5 bxc5 32. Nd2 Qa5 33. Kf1 Bh6
34. Nc4 Qc3 35. Ke2 Qa1 36. Qc2 Qh1 37. Kf3 Qf1 38. Ne5 Bg7 39. Nd3 Bf8 {
and Flag!!} 1-0

[Event "2. Bundesliga Mitte 2012/2013"]
[Site "Fuerstenfeld"]
[Date "2013.04.20"]
[Round "10"]
[Board "4"]
[White "Watzka, Horst"]
[Black "Petschar, Kurt"]
[Result "1/2-1/2"]
[WhiteElo "2259"]
[BlackElo "2295"]
[PlyCount "60"]
[EventDate "2012.10.19"]
[EventType "team"]
[EventRounds "11"]
[EventCountry "AUT"]
[WhiteTeam "RbEJ Gleisdorf"]
[BlackTeam "SC Die Klagenfurter"]

1. e4 c5 2. Nf3 Nc6 3. Bb5 Nf6 4. Bxc6 dxc6 5. Qe2 g6 6. d3 Bg7 7. a4 Nd7 8.
O-O Qc7 9. a5 Nf8 10. Nbd2 Ne6 11. Nc4 O-O 12. c3 Bd7 13. Ng5 b5 14. Nxe6 Bxe6
15. Ne3 Rad8 16. f4 Qd6 17. f5 Bc8 18. Rd1 e6 19. f6 Bxf6 20. Ng4 e5 21. Nxf6+
Qxf6 22. Bh6 Rfe8 23. Qe3 Qd6 24. Rf1 f5 25. Qf2 f4 26. Rad1 Bg4 27. Rd2 Qf6
28. h4 Qd6 29. g3 f3 30. Kh2 a6 1/2-1/2

[Event "2. Bundesliga Mitte 2012/2013"]
[Site "Fuerstenfeld"]
[Date "2013.04.20"]
[Round "10"]
[Board "5"]
[White "Singer, Hans"]
[Black "Sandner, Wolfgang"]
[Result "0-1"]
[WhiteElo "2229"]
[BlackElo "2209"]
[PlyCount "131"]
[EventDate "2012.10.19"]
[EventType "team"]
[EventRounds "11"]
[EventCountry "AUT"]
[WhiteTeam "SC Die Klagenfurter"]
[BlackTeam "RbEJ Gleisdorf"]

1. Nf3 Nf6 2. c4 g6 3. Nc3 Bg7 4. e4 d6 5. d4 O-O 6. Be2 e5 7. O-O Nc6 8. Be3
Ng4 9. Bg5 f6 10. Bc1 Kh8 11. d5 Ne7 12. Ne1 Nh6 13. Nd3 f5 14. f3 f4 15. c5 g5
16. b4 Rg8 17. a4 Bf8 18. Nf2 Ng6 19. c6 bxc6 20. dxc6 Ne7 21. b5 Be6 22. Bb2
Rg6 23. g4 fxg3 24. hxg3 Nhg8 25. Kg2 Nf6 26. Rh1 Bg7 27. Qd2 Qf8 28. g4 Qf7
29. Nh3 Bh6 30. Rh2 Rf8 31. Nf2 Kg8 32. Qe3 Nc8 33. Nd3 Bg7 34. a5 Bc4 35. Ra4
Be6 36. Nb4 Bb3 37. Ra1 Bc4 38. Rc1 Bxe2 39. Nxe2 d5 40. Nxd5 Nxd5 41. exd5
Qxd5 42. Nc3 Qb3 43. Kh1 Rd8 44. Re2 h6 45. Ne4 Rd3 46. Qc5 Rd5 47. Qc4 Qxc4
48. Rxc4 Rxb5 49. Bc3 Nd6 50. Rb4 Nxe4 51. Rexe4 Rxb4 52. Bxb4 Rxc6 53. Kg2
Rc2+ 54. Kg3 Kf7 55. Be1 Ke6 56. a6 Rc6 57. Ra4 Bf8 58. Kf2 Bc5+ 59. Ke2 Rb6
60. Bc3 Rb3 61. Kd2 Kd5 62. Ra5 Kc4 63. Ra4+ Bb4 64. Bxb4 Rxb4 65. Ra1 Kd4 66.
Ke1 0-1

[Event "2. Bundesliga Mitte 2012/2013"]
[Site "Fuerstenfeld"]
[Date "2013.04.20"]
[Round "10"]
[Board "1"]
[White "Poetz, Florian"]
[Black "Freitag, Manfred"]
[Result "1/2-1/2"]
[WhiteElo "2411"]
[BlackElo "2385"]
[PlyCount "75"]
[EventDate "2012.10.19"]
[EventType "team"]
[EventRounds "11"]
[EventCountry "AUT"]
[WhiteTeam "Schachklub Sparkasse Fuerstenfeld"]
[BlackTeam "ESV Austria Graz"]

1. e4 e5 2. Nf3 Nc6 3. Bb5 a6 4. Ba4 Nf6 5. O-O Be7 6. Re1 b5 7. Bb3 O-O 8. h3
d6 9. c3 Nb8 10. d4 Nbd7 11. Nbd2 Bb7 12. Bc2 Re8 13. Nf1 Bf8 14. Ng3 g6 15. a4
c5 16. d5 c4 17. Be3 Qc7 18. Qd2 Nc5 19. Ra3 Nfd7 20. Rea1 Nb6 21. axb5 axb5
22. Qd1 Rxa3 23. Rxa3 Rb8 24. Nh2 Bc8 25. Ng4 Bg7 26. Qf3 Bxg4 27. hxg4 Ra8 28.
Rxa8+ Nxa8 29. Qd1 Nb6 30. Qa1 Bf8 31. Nf1 Nba4 32. Nd2 Be7 33. Qa3 Bd8 34.
Bxa4 Nxa4 35. Qb4 Qd7 36. f3 Bb6 37. Nb1 Qa7 38. Na3 1/2-1/2

[Event "2. Bundesliga Mitte 2012/2013"]
[Site "Fuerstenfeld"]
[Date "2013.04.20"]
[Round "10"]
[Board "2"]
[White "Karner, Christoph"]
[Black "Kuba, Guenter"]
[Result "1/2-1/2"]
[WhiteElo "2304"]
[BlackElo "2387"]
[PlyCount "134"]
[EventDate "2012.10.19"]
[EventType "team"]
[EventRounds "11"]
[EventCountry "AUT"]
[WhiteTeam "ESV Austria Graz"]
[BlackTeam "Schachklub Sparkasse Fuerstenfeld"]

1. d4 Nf6 2. c4 e6 3. Nc3 d5 4. cxd5 exd5 5. Bg5 Be7 6. e3 c6 7. Qc2 Nbd7 8.
Bd3 Nh5 9. Bxe7 Qxe7 10. Nge2 g6 11. O-O-O Nb6 12. h3 Ng7 13. g4 Be6 14. Kb1
O-O-O 15. Nc1 Kb8 16. f3 h5 17. Qg2 Bc8 18. Qf2 Ka8 19. Rhg1 hxg4 20. hxg4 Qh4
21. Rg2 Rde8 22. Qd2 Qf6 23. Rf1 Rh3 24. Rgf2 Qg5 25. e4 Qxd2 26. Rxd2 Ne6 27.
N1e2 dxe4 28. fxe4 Ng5 29. d5 Rd8 30. Nf4 Rg3 31. Bc2 cxd5 32. Nfxd5 Nxd5 33.
Rxd5 Rxd5 34. exd5 Rxg4 35. Re1 Kb8 36. Bb3 Bd7 37. Re7 Kc7 38. Ba4 Rxa4 39.
Nxa4 Kd6 40. Re3 Bxa4 41. Ra3 Bb5 42. Rxa7 Ba6 43. b4 Kxd5 44. a4 Bd3+ 45. Kb2
Kc6 46. Kc3 Bf1 47. Ra8 Ne6 48. Rb8 g5 49. b5+ Kc7 50. Rg8 f5 51. Kb4 f4 52.
Rg6 Kd6 53. a5 Bg2 54. a6 bxa6 55. bxa6 Be4 56. a7 f3 57. Kc3 Ke5 58. Kd2 Kf5
59. Rg8 g4 60. Ke3 Bd5 61. a8=Q Bxa8 62. Rxa8 Ng5 63. Ra5+ Kg6 64. Kf4 f2 65.
Ra1 Kh5 66. Rh1+ Nh3+ 67. Kg3 Kg5 1/2-1/2